Normal view
MARC view
- Ben-Natan, Ron, Gornitsky, Richard, Hanis, T
Entry Personal Name
001 - CONTROL NUMBER
- control field: 65330
003 - CONTROL NUMBER IDENTIFIER
- control field: NUST
005 - DATE AND TIME OF LATEST TRANSACTION
- control field: 20210628203423.0
008 - FIXED-LENGTH DATA ELEMENTS
- fixed length control field: 210628|| aca||aabn | a|a d
040 ## - CATALOGING SOURCE
- Original cataloging agency: NUST
- Transcribing agency: NUST
100 ## - HEADING--PERSONAL NAME
- Personal name: Ben-Natan, Ron, Gornitsky, Richard, Hanis, T
670 ## - SOURCE DATA FOUND
- Source citation: Work cat.: (NUST): Ben-Natan, Ron, Gornitsky, Richard, Hanis, T, Mastering ibm web sphere portal, expert guidance to build and deploy portal applications, 2004
